000 02352cam a22005534i 4500
003 PE-LiUPU
005 20250731180155.0
008 150616s1989 sp rb 000 0 spa d
020 _a8420006572
020 _a9788420006574
035 _a(Sirsi) i9788420006574
040 _aPE-LiUPU
_bspa
_cPE-LiUPU
_dPE-LiUPU
_erda
049 _aPRUA
082 0 4 _a576.028
_bC72
_221
100 1 _aCollins, C. H.,
_eautor.
245 1 0 _aMétodos microbiológicos /
_cC. H. Collins.
264 1 _aZaragoza, España :
_bAcribia,
_c1989.
300 _a524 páginas ;
_c24 centímetros
336 _atext
_2rdacontent
337 _aunmediated
_2rdamedia
338 _avolume
_2rdacarrier
504 _aBibliografía al final de cada tema.
505 0 _aSeguridad en microbiología -- Equipo de laboratorio -- Esterilización, desinfección y tratamiento de los materiales infectados -- Medios de cultivo -- Métodos de cultivo -- Métodos de tinción -- Métodos de indentificación -- Métodos micológicos -- Recuento de microorganismos -- Reacciones de aglutinación -- Material clínico -- Técnicas de anticuerpos fuorescentes -- Pruebas de sensibilidad y análisis de antibióticos -- Toxiinfecciones alimentarias -- Alimentos - principios generales -- carne -- Pescado -- Leche y productos lácteos -- Alimentos diversos -- Alimentos procesados técnicamente -- Control higiénico -- Agua.
526 _aSEG44
526 _aSEG26
526 _aP159
526 _aP155
526 _aP154
526 _aP153
526 _aP150
526 _aP100
526 _aP31
526 _aP30
526 _aP26
526 _aP25
526 _aP24
526 _aP22
526 _aP15
526 _aP10
650 0 4 _aMicrobilogía - Métodos.
700 1 _aLyne, Patricia M,
_eautor.
910 _ajck
_bjvq
_cjck
942 _2ddc
_cBOOK
949 _a576.028 C72
_wDEWEY
_c1
_i40749
_d2016-10-3
_e2016-10-2
_lCCODEBUL1
_mBUL
_n8
_r0
_sY
_tBOOK
_u2015-6-16
_xSALUD
_zUNKNOWN
_0COMPRA
_o.STAFF. Colección Ciencias de la Salud
994 _aC0
_bPEPRU
596 _a1
999 _a576.028 C72
_wDEWEY
_c58536
_i40749
_d58536
_e2019-9-1
_f2021-11-3
_g5
_lCCODEBUL1
_mBUL
_n17
_p36.10
_q9
_r0
_sY
_tBOOK
_u2015-6-16
_xSALUD
_zUNKNOWN
_0COMPRA
_o.STAFF. Colección Ciencias de la Salud
980 _81
_gALBERTO SANCHEZ Responsable de Automatización